| 000 | 00395nam a2200157Ia 4500 | ||
|---|---|---|---|
| 008 | 240729s9999 xx 000 0 und d | ||
| 022 | _a1875-9203 | ||
| 245 | 0 | _aShock and Vibration | |
| 260 | _aUnited Kingdom | ||
| 260 | _bHindawi Limited | ||
| 650 | _a Physics | ||
| 650 | _aScience | ||
| 856 | _uhttps://doaj.org/toc/556e0b0fabaf453fb2a07e856fa57613 | ||
| 942 | _2ddc | ||
| 942 | _cDOAJEJ | ||
| 999 |
_c70277 _d70277 |
||
| 945 |
_a1 _bMadushi Gamage _c1 _dMadushi Gamage |
||